'W' Game Quiz Stats

 Plays Quiz Updated Sep 24, 2018

Score 0/33 Timer 06:00
7 Plays Today
% Correct
Washington
95.1%
George Washington
95.1%
Washington DC, USA
95.1%
Wyoming
90.3%
Wisconsin
87.7%
West Virginia
85%
What
83.9%
Where
83.9%
When
83.9%
Who
83.5%
Why
83.4%
Wrath
59.5%
Woodrow Wilson
55.5%
WALL-E
54.4%
Warsaw, Poland
52.3%
Washington Wizards
50.5%
Wheel and Axle
46.8%
% Correct
Golden State Warriors
41.5%
Wolverhampton Wanderers
39.7%
Chicago White Sox
39.5%
West Ham United
38.5%
Wellington, New Zealand
37.8%
Minnesota Wild
34.8%
Wedge
34.5%
Water Works
31.5%
West Bromwich Albion
29%
Wings
26.8%
Wigan Athletic
24.1%
Wimbledon
23.9%
Watford
22.8%
West Side Story
20.3%
Windhoek, Namibia
19.2%
Kurt Waldheim
16.5%

You're not logged in!

Compare scores with friends on all Sporcle quizzes.
OR
Log In

Sporcle TV

Today on Sporcle TV


Watch our educational content, quiz creation guides, and fun videos on Sporcle TV.

Show Comments

Extras

Top Quizzes Today


Score Distribution

Your Account Isn't Verified!

In order to create a playlist on Sporcle, you need to verify the email address you used during registration. Go to your Sporcle Settings to finish the process.

Report this User

Report this user for behavior that violates our Community Guidelines.

Details: